000 01768nam a2200349 c 4500
999 _c151629
_d151629
003 BLK
005 20220519081119.0
008 180410b bul|||||r ||||||| ||bul||
010 _aKNG00158034000
040 _aBLK
041 _aBUL
_cBUL
080 _aНемска литература
_b821.112.2
_x(081)
_z821.112.2(081)
080 _aНемска литература
_b821.112.2
_x-1
_z821.112.2-1
080 _aНемска литература
_b821.112.2
_x-32
_z821.112.2-32
100 1 _aБрехт, Бертолт
_eпърви автор
_9370917
139 _aБрехт, Бертолт
_bБ 80
245 1 0 _aИзбрани творби
_bВ 4 т.
_cБертолт Брехт; ред. кол. Венцеслав Константинов; с предг. от Вернер Митенцвай; прев. на том Стефан Бесарбовски.
_nТ. 1.
_pСтихотворения ; Разкази ; Емигрантски разговори
257 _aDEU
260 _bНар. култура
_c1983 -
_aСофия
300 _c21 см
380 _aX
500 _aДруги ред. : К. Илиев, Н. Попова. - 20 125 тир.
700 1 _aКонстантинов, Венцеслав
_eред. кол.
_9367608
700 1 _aМитенцвай, Вернер
_eс предг. от
_997216
700 1 _aБесарбовски, Стефан
_eпрев. на том
_938748
760 1 _aБрехт, Бертолт
_d1983
_h447 с.
_tТ. 1. Стихотворения ; Разкази ; Емигрантски разговори
852 _aЦб 120062
856 4 _qpdf
856 4 _qpdf
942 _cKNG
_n0
_02
_s1
944 _aCR
_c17.03.2014
_l17.03.2014 - от С1,Р / 17.03.2014
_kПравда_Бадева
944 _aED
_c02.03.2018
_l17.03.2014 - от С1,Р / 17.03.2014
999 _d151629
999 _d151629